Canada, U.S., & Mexico: Provinces, States, and Territories - Statistics

General Stats
  • This quiz has been taken 227 times
    226 since last reset
  • The average score is 77 of 95
Answers on the Map
Answers color-coded by a green-red scale on the quiz's map according to % correct below.
 
Answer Stats
Group Answer % Correct
U.S. Alaska
95%
U.S. California
95%
U.S. New Mexico
95%
U.S. Texas
95%
U.S. Colorado
94%
U.S. Florida
94%
U.S. Idaho
94%
U.S. Nevada
94%
U.S. New York
94%
U.S. North Dakota
94%
U.S. South Dakota
94%
Canada Alberta
93%
U.S. Arizona
93%
U.S. Arkansas
93%
U.S. Georgia
93%
U.S. Illinois
93%
U.S. Kansas
93%
U.S. Maine
93%
U.S. Michigan
93%
U.S. Montana
93%
U.S. Nebraska
93%
U.S. North Carolina
93%
U.S. Ohio
93%
Canada Ontario
93%
U.S. Oregon
93%
Canada Quebec
93%
U.S. South Carolina
93%
U.S. Virginia
93%
U.S. Washington
93%
U.S. Wyoming
93%
U.S. Alabama
92%
U.S. Iowa
92%
U.S. Minnesota
92%
U.S. Oklahoma
92%
U.S. Pennsylvania
92%
U.S. Tennessee
92%
U.S. Utah
92%
U.S. Wisconsin
92%
Canada British Columbia
90%
U.S. Kentucky
90%
U.S. Louisiana
90%
U.S. Mississippi
90%
U.S. Missouri
90%
U.S. West Virginia
90%
U.S. Connecticut
89%
U.S. Maryland
89%
U.S. Massachusetts
89%
Canada Newfoundland and Labrador
89%
U.S. Rhode Island
89%
U.S. Delaware
88%
U.S. Hawaii
88%
U.S. Indiana
88%
U.S. New Hampshire
88%
U.S. New Jersey
88%
Canada Saskatchewan
88%
U.S. Vermont
88%
Canada Yukon
88%
Mexico Baja California
87%
Mexico Mexico City
87%
Canada Northwest Territories
87%
Canada Nova Scotia
86%
Mexico Mexico
84%
Canada Prince Edward Island
83%
Canada Manitoba
82%
Mexico Chihuahua
81%
Canada Nunavut
81%
Canada New Brunswick
80%
Mexico Yucatan
78%
Mexico Baja California Sur
76%
Mexico Sonora
70%
Mexico Nuevo Leon
65%
Mexico Oaxaca
65%
Mexico Chiapas
61%
Mexico Sinaloa
61%
Mexico Veracruz
61%
Mexico Durango
59%
Mexico Jalisco
58%
Mexico Quintana Roo
58%
Mexico Tamaulipas
58%
Mexico Guerrero
57%
Mexico Tabasco
57%
Mexico Aguascalientes
55%
Mexico San Luis Potosi
55%
Mexico Colima
54%
Mexico Campeche
53%
Mexico Coahuila
53%
Mexico Michoacan
53%
Mexico Puebla
53%
Mexico Zacatecas
53%
Mexico Hidalgo
52%
Mexico Nayarit
51%
Mexico Guanajuato
49%
Mexico Morelos
49%
Mexico Tlaxcala
49%
Mexico Queretaro
48%
No matching quizzes found
Score Distribution
Percent of People with Each Score
Percentile by Number Answered
Your Score History
You have not taken this quiz since the last reset